La réponse est un chiffre : 3 vies - Statistiques

Statistiques générales
  • Ce quiz a été pris 132 fois
  • Le résultat moyen est 5 sur 30
Statistiques - réponses
Hint Réponse % Correct
Tête que possède le Cerbère 3
91%
3-1x3 = ? 0
73%
Couleur de l'arc en ciel 7
49%
Fantome poursuivant Pac-Man 4
45%
Pierre d'infinité dans le MCU 6
27%
Donner le dernier chiffre de la date de la Prise de la Bastille 9
22%
Le 3ème chiffre de π après la virgule 1
19%
Corde d'un Ukulélé 4
19%
Coté d'un cercle 0
18%
Médaille d'or du Guatemala aux JO 2024 1
16%
Grand Corsaire au début de l'aventure dans One Piece 7
14%
Horcruxe dans Harry Potter 7
12%
Pièce de huit dans Pirate des Caraïbes 9
12%
Hyène dans le Roi Lion qui sont avec Scar 3
10%
Ballon d'or remporté par Iniesta 0
9%
Cœur que possède une pieuvre 3
9%
Cavalier de l'Apocalypse 4
9%
Pays commençant par O 3
8%
Nombre de fois que "Beetlejuice" doit être prononcé pour qu'il apparaisse 3
6%
"Vier" en allemand 4
6%
Etoile sur le drapeau de la Chine 5
6%
Numéro atomique de l'Helium 2
5%
Nageoire que possède Sébastien dans la Petite Sirène 0
4%
Titre rempoté par les SPURS en NBA 5
4%
Couleur du drapeau de l'Afrique du Sud 6
4%
Evolution de évoli 8
4%
Pays Baltes 3
3%
Etoile sur le drapeau australien 6
3%
Engin utilisé en gymnastique rythmique 5
0%
Hokage total présent dans Naruto et Boruto 8
0%
Aucun quiz correspondant
Distribution des résultats
% des personnes avec chaque résultat
Percentile par nombre de réponses
Votre historique - résultats
Vous n’avez pas pris ce quiz